Changing tack over local levy (Record no. 66525)

MARC details
000 -LEADER
fixed length control field 00845cam a2200205 4500
001 - CONTROL NUMBER
control field WB3713-01
008 - FIXED-LENGTH DATA ELEMENTS--GENERAL INFORMATION
fixed length control field 000000n2001 000 0 eng u
035 ## - SYSTEM CONTROL NUMBER
System control number (Sirsi) u111645
245 ## - TITLE STATEMENT
Title Changing tack over local levy
260 ## - PUBLICATION, DISTRIBUTION, ETC.
Date of publication, distribution, etc. 2001
490 ## - SERIES STATEMENT
Series statement Daily Telegraph
Volume/sequential designation 26 March 2001, 31(1)
520 ## - SUMMARY, ETC.
Summary, etc. There are indications that the government is about to change its policy towards a controversial plan to give councils power to levy a supplementary rate on local companies. Business organisations mounted a strong campaign to oppose the principle of the levy arguing it could cost business £1bn a year
590 ## - LOCAL NOTE (RLIN)
Local note WB
650 ## - SUBJECT ADDED ENTRY--TOPICAL TERM
Topical term or geographic name entry element SUPPLEMENTARY RATES
650 ## - SUBJECT ADDED ENTRY--TOPICAL TERM
Topical term or geographic name entry element FEDERATION OF SMALL BUSINESSES
650 ## - SUBJECT ADDED ENTRY--TOPICAL TERM
Topical term or geographic name entry element NATIONAL BUSINESS RATE
650 ## - SUBJECT ADDED ENTRY--TOPICAL TERM
Topical term or geographic name entry element REGENERATION SCHEMES
690 ## - LOCAL SUBJECT ADDED ENTRY--TOPICAL TERM (OCLC, RLIN)
Topical term or geographic name as entry element MANAGEMENT-BUSINESS MANAGEMENT
942 ## - ADDED ENTRY ELEMENTS (KOHA)
Suppress in OPAC 0
Holdings
Withdrawn status Lost status Source of classification or shelving scheme Damaged status Not for loan Home library Current library Shelving location Date acquired Total Checkouts Full call number Barcode Date last seen Copy number Price effective from Koha item type
    Dewey Decimal Classification     London London News article 27/03/2001   WB3713-01 111645-1001 06/08/2019 1 06/08/2019 News article